Pokémon - Les attaques de Séracrawl - Statistiques

Statistiques générales
  • Ce quiz a été pris 14 fois
  • Le résultat moyen est 13 sur 19
Statistiques - réponses
Niveaux Types Noms des attaques % Correct
Niveau 41 Glace Blizzard
100%
Niveau 12 Glace Vent Glace
100%
Départ Normal Armure
83%
Niveau 18 Glace Avalanche
83%
Niveau 36 Normal Bélier
83%
Départ Normal Charge
83%
Niveau 46 Normal Damoclès
83%
Niveau 33 Ténèbres Mâchouille
83%
Niveau 9 Spectre Malédiction
83%
Niveau 21 Ténèbres Morsure
83%
Niveau 27 Acier Mur de Fer
83%
Niveau 24 Glace Crocs Givre
67%
Départ Roche Garde Large
67%
Départ Glace Poudreuse
67%
Départ Évolution Normal Plaquage
50%
Niveau 15 Normal Abri
33%
Niveau 30 Normal Soin
33%
Départ Normal Tour Rapide
33%
Niveau 51 Normal Coud'Krâne
17%
Aucun quiz correspondant
Distribution des résultats
% des personnes avec chaque résultat
Percentile par nombre de réponses
Votre historique - résultats
Vous n’avez pas pris ce quiz